=LDR 00000nam 2200000 4500 =001 INLIS000000000007574 =005 20260121084559 =035 ##$$a 0010-0126000143 =007 ta =008 260121################g##########0#ind## =020 ##$$a 978-602-74766-4-6 =082 ##$$a 808.02 =084 ##$$a 808.02 ELI e =100 #$$a Eli Syarifah Aeni =245 1#$$a Editlinguistik : $b mahir menyunting naskah /$c Eli Syarifah Aeni, M.Hum; editor, Aditia Nawa Utama =250 ##$$a Cetakan Pertama, September 2016 =260 ##$$a Bandung :$b CV. Media Cendikia Muslim,$c 2016 =300 ##$$a x, 182 hlm ; $c 21 cm =650 #4$$a linguistik =700 #$$a Aditia Nawa Utama $g editor =520 ##$$a Buku Editlinguistik ini merupakan salah satu buku yang sangat cocok dijadikan sebagai bahan rujukan dan pegangan bagi para penulis, editor, mahasiswa, guru, dosen, dan orang-orang yang tertarik mendalami ilmu editologi, khususnya editor naskah. Buku ini mengupas ilmu editologi sekaligus ilmu bahasa yang keduanya sebenarnya memiliki kajian yang berbeda, tetapi praktiknya, kedua ilmu tersebut tidak dapat dipisahkan. Buku ini juga banyak menyajikan pengalaman penulisnya yang sudah belasan tahun berkecimpung dalam dunia editologi. Sebagai lulusan jurusan Editing dan Linguistik, terjun langsung di dunia penerbitan dan perbukuan, menjadi praktisi dalam dunia editologi dan menjadi dosen editing serta bahasa, membuat buku ini makin lengkap dan penuh pengayaan. Oleh karena itu, sangat tepat kalau buku ini dijadikan buku yang wajib dimiliki dan dibaca oleh orang-orang yang berkecimpung dalam dunia perbukuan, penulisan, penerbitan, dan kebahasaan. Anda akan mendapatkan banyak informasi mulai dari sejarah huruf sampai sejarah penyuntingan dan perbukuan.